01804nam a2200361 i 4500003000900000005001700009008004100026040004600067041000800113082002600121092000700147099003500154100005000189245011500239264008200354300003000436336002200466337002400488338003300512504006000545546009600605650003500701650003100736651001000767700004900777856005700826905000700883942001900890999001700909952017200926952017201098952017201270EG-GICUC20260121101544.0251228m19971998ua ||||fr|||| 00| 0 ara d a EG-GICUCbarac EG-GICUCd EG-GICUCerda aara04221a343.6bع ب . ع04221 aLaw1 10 343.6 ع ب . ع 19980 aعبد الفتاح الصيفيeمؤلف.10aعلم الإجرام والعقاب /cعبد الفتاح الصيفي ، محمد زكي ابو عامر. 1aالاسكندرية :bدار المطبوعات االجامعية،c1998. a481 صفحة ؛c24 سم. 2rda contentatext 2rda mediaaComputer 2rda carrieraOnline Resource aيحتوي على ارجاعات ببليوجرافية aالنص أغلبه باللغة العربية مع بعض النصوص الفرنسية14aعلم الإجرام2qrmak14aعلم العقاب2qrmak1 2qrmak aمحمد زكي ابو عامرeمؤلف.40uhttps://fll.law.cu.edu.eg/fulltext/bks/B10-07332.pdf a75 2ddccBKe21n0 c52886d52886 00102ddc40718القانون الجنائيaCUbLAW1d2025-12-28l0oLaw1 10 343.6 ع ب . ع 1998 1007332 C1pB10-07332r2025-12-28 15:44:58t1w2025-12-28yBK 00102ddc40708القانون الجنائيaCUbLAW1d2025-12-28l0oLaw1 10 343.6 ع ب . ع 1998 1007333 C2pB10-07333r2025-12-28 15:45:17t2w2025-12-28yBK 00102ddc40708القانون الجنائيaCUbLAW1d2025-12-28l0oLaw2 10 343.6 ع ب . ع 1998 1007334 C3pB10-07334r2025-12-28 15:45:44t3w2025-12-28yBK